[Event "Ogolnopolska Olimpiada Mlodziezy C-14"]
[Site "Spala"]
[Date "1899-12-30"]
[Round "6.12"]
[White "Bilczewski, Kacper"]
[Black "Gaj, Szymon"]
[Result "1/2-1/2"]
[WhiteTitle "I"]
[BlackTitle "II+"]
[WhiteElo "1801"]
[BlackElo "1544"]

1. e4 c5 2. c3 e5 3. Nf3 Nc6 4. Bc4 Nf6 5. Ng5 d5 6. exd5 Na5 7. Bb5+ Bd7 8. Bxd7+
Qxd7 9. O-O Bd6 10. d4 cxd4 11. cxd4 O-O 12. Nc3 Rad8 13. Nge4 Nxe4 14. Nxe4 Bb8
15. Nc3 exd4 16. Qxd4 Nc6 17. Qe4 Qd6 18. g3 Rfe8 19. Qg2 Ne5 20. Bf4 Qb4 21.
Rab1 h6 22. a3 Qb3 23. Bxe5 Bxe5 24. Qf3 b6 25. Rfd1 Bxc3 26. Qxc3 Qb5 27. Qd4
Rd6 28. Rd2 Re2 29. Rxe2 Qxe2 30. Rd1 Rf6 31. Rd2 Qe1+ 32. Kg2 Rd6 33. Rc2 Qe7
34. Rc8+ Kh7 35. Rc6 Rd7 36. Qd3+ g6 37. d6 Qe5 38. b4 Kg7 39. b5 Kh7 40. Qc4
Kg8 41. Qd3 Kh7 42. f4 Qb2+ 43. Rc2 Rxd6 44. Qc4 Rd2+ 45. Rxd2 Qxd2+ 46. Kf3 Kg7
47. h4 Qb2 48. a4 Qa3+ 49. Kg2 Qb2+ 1/2-1/2

[Event "Ogolnopolska Olimpiada Mlodziezy C-14"]
[Site "Spala"]
[Date "1899-12-30"]
[Round "6.13"]
[White "Tamon, Radoslaw"]
[Black "Tokarz, Krzysztof"]
[Result "1-0"]
[WhiteTitle "I"]
[BlackTitle "II"]
[WhiteElo "1707"]
[BlackElo "1498"]

1. e4 e6 2. d4 d5 3. Nd2 dxe4 4. Nxe4 Bd7 5. Nf3 Bc6 6. Bd3 Nd7 7. Qe2 Ngf6 8.
Neg5 h6 9. Nxe6 fxe6 10. Bg6+ Ke7 11. O-O Nb6 12. Ne5 Qd5 13. f4 Be8 14. c4 Nxc4
15. Bxe8 Nxe5 16. dxe5 Nxe8 17. b3 g6 18. Rd1 Qc6 19. Bb2 Kf7 20. Rac1 Qb6+ 21.
Kh1 Be7 22. f5 gxf5 23. Qh5+ Kf8 24. Rd7 Qa6 25. a4 c5 26. Ba3 b6 27. Qg6 Rd8
28. Qxe6 Rxd7 29. Qxf5+ Nf6 30. exf6 Qc8 31. fxe7+ Kxe7 32. Qe5+ Kf7 33. Rf1+
Kg8 34. Qe6+ Kg7 35. Bb2+ Kh7 36. Rf7+ 1-0

[Event "Ogolnopolska Olimpiada Mlodziezy C-14"]
[Site "Spala"]
[Date "1899-12-30"]
[Round "6.14"]
[White "Blocinski, Maciej"]
[Black "Hrymowicz, Artur"]
[Result "1-0"]
[WhiteTitle "I"]
[BlackTitle "II"]
[WhiteElo "1665"]
[BlackElo "1425"]

1. d4 d5 2. c4 e6 3. Nc3 Nf6 4. Bg5 Nbd7 5. Nf3 c6 6. e3 Qa5 7. Nd2 Bb4 8. Qc2
dxc4 9. Bxf6 Nxf6 10. Nxc4 Qg5 11. Ne5 O-O 12. f4 Qh6 13. Bd3 Nd5 14. Qd2 Qh4+
15. g3 Qe7 16. O-O f6 17. Nf3 Nxc3 18. bxc3 Bd6 19. Rae1 e5 20. fxe5 fxe5 21.
dxe5 Bc7 22. Qc2 h6 23. Nh4 Rxf1+ 24. Rxf1 Be6 25. Bh7+ 1-0

[Event "Ogolnopolska Olimpiada Mlodziezy C-14"]
[Site "Spala"]
[Date "1899-12-30"]
[Round "6.15"]
[White "Sulkowski, Andrzej"]
[Black "Miszkielo, Bartosz"]
[Result "1/2-1/2"]
[WhiteTitle "II+"]
[BlackTitle "I"]
[WhiteElo "1585"]
[BlackElo "1707"]

1. d4 Nf6 2. c4 c5 3. d5 e6 4. Nc3 exd5 5. cxd5 d6 6. e4 g6 7. f3 Bg7 8. Bg5 O-O
9. Qd2 a6 10. a4 Qa5 11. Ra3 Nfd7 12. Nh3 Ne5 13. Nf2 Re8 14. Be2 f5 15. O-O Bd7
16. Re1 Bc8 17. Bd3 Nxd3 18. Nxd3 c4 19. Nf2 fxe4 20. Nfxe4 Nd7 21. Kh1 Qb6 22.
a5 Qc7 23. Bf4 Be5 24. Bxe5 Rxe5 25. f4 Re7 26. Qe3 Nc5 27. Nf6+ Kf7 28. Nce4
Nxe4 29. Nxe4 Bf5 30. Ng5+ Kf8 31. Qxe7+ Qxe7 32. Rxe7 Kxe7 33. Re3+ Kd8 34. Nxh7
Rc8 35. Nf6 Rc5 36. Re8+ Kc7 37. g4 Bd3 38. Re7+ Kc8 39. Re8+ Kc7 40. Re7+ Kc8
41. Re8+ Kc7 42. Re7+ Kc8 43. Re6 1/2-1/2

[Event "Ogolnopolska Olimpiada Mlodziezy C-14"]
[Site "Spala"]
[Date "1899-12-30"]
[Round "6.16"]
[White "Mendak, Mateusz"]
[Black "Szmer, Aleksander"]
[Result "0-1"]
[WhiteTitle "II"]
[BlackTitle "I"]
[WhiteElo "1575"]
[BlackElo "1732"]

1. Nf3 Nf6 2. d4 g6 3. Nc3 Bg7 4. Bg5 d5 5. e3 Bg4 6. Bd3 c6 7. O-O Nbd7 8. h3
Bxf3 9. Qxf3 e5 10. dxe5 Nxe5 11. Qf4 Qd6 12. e4 dxe4 13. Nxe4 Nxe4 14. Bxe4 h6
15. Qd2 Qxd2 16. Bxd2 f5 17. Bd3 Nxd3 18. cxd3 O-O-O 19. Rab1 Rxd3 20. Be3 b6
21. Rfe1 g5 22. f3 Rxe3 23. Rxe3 Bd4 24. Kf2 f4 25. Ke2 Bxe3 26. g4 Rd8 27. Rd1
Rxd1 28. Kxd1 Kd7 29. Ke2 Kd6 30. Kd3 Kd5 31. b3 c5 32. a3 b5 33. a4 c4+ 34. Kc3
Bd4+ 35. Kc2 bxa4 36. bxc4+ Kxc4 37. Kb1 Kb3 38. h4 gxh4 39. g5 h3 40. gxh6 h2
41. h7 h1=R# 0-1

[Event "Ogolnopolska Olimpiada Mlodziezy C-14"]
[Site "Spala"]
[Date "1899-12-30"]
[Round "6.17"]
[White "Raczynski, Krzysztof"]
[Black "Paliszewski, Dominik"]
[Result "1-0"]
[WhiteTitle "I"]
[BlackTitle "II"]
[WhiteElo "1634"]
[BlackElo "1648"]

1. e4 c6 2. d4 d5 3. f3 g6 4. Nc3 Bg7 5. Be3 dxe4 6. fxe4 Nf6 7. h3 O-O 8. Nf3
e6 9. Bd3 Nbd7 10. O-O b6 11. Ne2 c5 12. c3 Bb7 13. Ng3 Qc7 14. Qe1 Rac8 15. Qf2
Rfe8 16. Bd2 Rcd8 17. Ng5 c4 18. Bc2 e5 19. d5 Qd6 20. Be3 h5 21. Rad1 a6 22.
Qf3 b5 23. Nh1 a5 24. Nf2 Ba6 25. g4 hxg4 26. hxg4 b4 27. Bc1 Rb8 28. Ba4 Bb5
29. Bxb5 Rxb5 30. Kg2 Reb8 31. Nfh3 bxc3 32. bxc3 Nc5 33. Nxf7 Kxf7 34. g5 Rh8
35. gxf6 Bxf6 36. Bg5 Rb2+ 37. Kg1 Nd7 38. Bxf6 Nxf6 39. Ng5+ Ke7 40. Rf2 Rbb8
41. Ne6 Rbf8 42. Nxf8 Rxf8 43. Rb1 Nd7 44. Qe3 Rxf2 45. Qxf2 Qf6 46. Qxf6+ Kxf6
47. Rb5 Kg5 48. Rxa5 Kf4 49. d6 Kxe4 50. Ra7 Nb8 51. d7 Nc6 52. Ra8 Kd3 53. Rc8
Kxc3 54. Rxc6 1-0

[Event "Ogolnopolska Olimpiada Mlodziezy C-14"]
[Site "Spala"]
[Date "1899-12-30"]
[Round "6.18"]
[White "Kubiak, Jakub"]
[Black "Rak, Maciej"]
[Result "0-1"]
[WhiteTitle "I"]
[BlackTitle "II"]
[WhiteElo "1646"]
[BlackElo "1395"]

1. e4 c5 2. Nf3 e6 3. d4 cxd4 4. Nxd4 Nc6 5. Nc3 a6 6. Be2 Qc7 7. O-O Nf6 8. Be3
Be7 9. f4 d6 10. Kh1 Rb8 11. a4 e5 12. Nb3 Qd8 13. f5 b6 14. Bf3 g6 15. fxg6 hxg6
16. Bg5 Nh5 17. Bxe7 Qxe7 18. Bxh5 Rxh5 19. Nd5 Qh4 20. Nf6+ Ke7 21. Nxh5 Qxh5
22. Qd5 Be6 23. Qxc6 Rh8 24. Qc7+ Ke8 25. Qb8+ Ke7 26. Qb7+ Ke8 27. Qa8+ Ke7 28.
Qb7+ Ke8 29. Kg1 Qxh2+ 30. Kf2 Qf4+ 31. Ke2 Bc4+ 32. Kd1 Qxf1+ 33. Kd2 Qxg2+ 34.
Kc3 Rh3+ 35. Kb4 Bxb3 36. cxb3 Qc2 37. Qd5 Rd3 38. Qc4 Rd4 39. Qxd4 exd4 40. Rf1
Qc5# 0-1

[Event "Ogolnopolska Olimpiada Mlodziezy C-14"]
[Site "Spala"]
[Date "1899-12-30"]
[Round "6.19"]
[White "Szustakowski, Antoni"]
[Black "Miasik, Adrian"]
[Result "1/2-1/2"]
[WhiteTitle "II"]
[BlackTitle "II"]
[WhiteElo "1621"]
[BlackElo "1594"]

1. d4 d5 2. c4 e6 3. g3 c5 4. Nf3 Nc6 5. Nc3 Nf6 6. cxd5 exd5 7. Bg2 Be7 8. O-O
O-O 9. Bg5 c4 10. Ne5 Be6 11. Re1 h6 12. Bxf6 Bxf6 13. Nxc6 bxc6 14. e3 Re8 15.
Qd2 Bf5 16. Rad1 Qd7 17. Rc1 Rab8 18. Na4 Qb7 19. Bf3 Be7 20. a3 Bd8 21. Bd1 Qb5
22. Qe2 Bd3 23. Qf3 Ba5 24. Re2 Bxe2 25. Qxe2 c3 26. Qxb5 Rxb5 27. b4 Bc7 28.
Nxc3 Rb7 29. Na4 a5 30. Rxc6 axb4 31. axb4 Rd8 32. b5 Rd6 33. Rc5 Bb6 34. Nxb6
Rdxb6 35. Be2 Rd7 36. Bf3 Rbd6 37. Rc6 Kf8 38. Ra6 Rxa6 39. bxa6 Ra7 40. Bxd5
Rxa6 41. Kg2 Ke7 42. h4 g6 1/2-1/2

[Event "Ogolnopolska Olimpiada Mlodziezy C-14"]
[Site "Spala"]
[Date "1899-12-30"]
[Round "6.20"]
[White "Urbanski, Wojciech"]
[Black "Trendowski, Michal"]
[Result "1-0"]
[WhiteTitle "II"]
[BlackTitle "II+"]
[WhiteElo "1400"]
[BlackElo "1582"]

1. e4 c5 2. Nf3 Nc6 3. Bb5 e6 4. Bxc6 bxc6 5. O-O d5 6. e5 c4 7. b3 cxb3 8. axb3
Ne7 9. Ba3 Ng6 10. Qc1 Bxa3 11. Qxa3 Qe7 12. Nc3 O-O 13. Qxe7 Nxe7 14. Na4 f6
15. Nc5 Ng6 16. Rfe1 fxe5 17. Nxe5 Nxe5 18. Rxe5 Kf7 19. Re3 Ke7 20. b4 Kd6 21.
d4 Rf4 22. c3 Rf5 23. Rae1 Rf6 24. h4 Bd7 25. Rg3 g6 26. Rge3 Raf8 27. R3e2 Re8
28. Ra1 Ra8 29. Rea2 Rf7 30. Rxa7 Rxa7 31. Rxa7 Be8 32. Ra8 Bd7 33. Rd8 Kc7 34.
Rxd7+ Rxd7 35. Nxd7 Kxd7 36. Kh2 Ke7 37. Kg3 Kf6 38. Kf4 h6 39. Kg4 e5 40. dxe5+
Kxe5 41. h5 g5 42. g3 Kf6 43. f4 gxf4 44. Kxf4 Ke6 45. g4 Kf6 46. g5+ hxg5+ 47.
Kg4 Kg7 48. Kxg5 Kh7 49. h6 Kh8 50. Kf6 1-0

[Event "Ogolnopolska Olimpiada Mlodziezy C-14"]
[Site "Spala"]
[Date "1899-12-30"]
[Round "6.22"]
[White "Holownia, Michal"]
[Black "Bakalarczyk, Jakub"]
[Result "1/2-1/2"]
[WhiteTitle "II"]
[BlackTitle "II"]
[WhiteElo "1576"]
[BlackElo "1442"]

1. e4 c6 2. d4 d5 3. Nc3 dxe4 4. Nxe4 Bf5 5. Ng3 Bg6 6. N1e2 e6 7. Nf4 Nf6 8. c3
Qc7 9. h4 Bd6 10. Qf3 Bc2 11. Bd2 h6 12. Ngh5 Nxh5 13. Nxh5 Bf8 14. Qg4 Bg6 15.
Nf4 Bf5 16. Qf3 Nd7 17. g4 Bh7 18. g5 Bf5 19. g6 O-O-O 20. gxf7 Nf6 21. Qe2 Qxf7
22. Nd3 Bd6 23. O-O-O Nd7 24. Bh3 Rde8 25. Ne5 Qf6 26. f4 Bxh3 27. Rxh3 Qf5 28.
Rg3 Rhg8 29. Rdg1 Qf6 30. h5 Bxe5 31. fxe5 Qf7 32. Rf1 Qe7 33. Qg4 c5 34. Rfg1
Nb6 35. Qe4 cxd4 36. cxd4 Qf7 37. Qg6 Qd7 38. Bc3 Nd5 39. Qh7 Qf7 40. Qg6 Qd7
1/2-1/2

[Event "Ogolnopolska Olimpiada Mlodziezy C-14"]
[Site "Spala"]
[Date "1899-12-30"]
[Round "6.23"]
[White "Krawczyk, Piotr"]
[Black "Laszczak, Przemyslaw"]
[Result "0-1"]
[WhiteTitle "II+"]
[BlackTitle "II+"]
[WhiteElo "1513"]
[BlackElo "1625"]

1. d4 d5 2. c4 c6 3. Nc3 Nf6 4. Bg5 e6 5. e3 Nbd7 6. Nf3 Be7 7. Qc2 O-O 8. cxd5
exd5 9. Bd3 h6 10. Bf4 Re8 11. O-O Nf8 12. Rad1 Bg4 13. Kh1 Ne6 14. Bg3 Ng5 15.
Be2 Nge4 16. Ne5 Bxe2 17. Nxe2 Bd6 18. f4 Rc8 19. Bh4 Qb6 20. Bxf6 Nxf6 21. Nc3
Qc7 22. h3 h5 23. Qe2 Bb4 24. Rc1 Qe7 25. Nd1 Ne4 26. Kh2 g6 27. a3 Bd6 28. Nc3
Nxc3 29. Rxc3 Kg7 30. Qd3 c5 31. Rfc1 c4 32. Qc2 b5 33. Qb1 b4 34. axb4 Bxb4 35.
R3c2 f6 36. Nxg6 Qxe3 37. Rd1 Re4 38. Nh4 Qxf4+ 39. g3 Qg5 40. Rf2 Rce8 41. Qc2
Kg8 42. Rg1 Be1 43. Rfg2 Kh8 44. Nf3 Qg7 45. Nxe1 Rxe1 46. Rxe1 Rxe1 47. Re2 Rxe2+
48. Qxe2 Qg6 49. Qd2 Kg7 50. Qg2 Qe4 51. Qf2 Kg6 52. Qd2 Qd3 53. Qf2 a5 54. Kg2
a4 55. h4 c3 56. bxc3 Qxc3 57. Kh3 a3 58. Qa2 Qf3 59. Qc2+ Qf5+ 60. Qxf5+ Kxf5
0-1

[Event "Ogolnopolska Olimpiada Mlodziezy C-14"]
[Site "Spala"]
[Date "1899-12-30"]
[Round "7.1"]
[White "Janik, Igor"]
[Black "Grela, Kacper"]
[Result "1-0"]
[WhiteTitle "I++"]
[BlackTitle "I+"]
[WhiteElo "2052"]
[BlackElo "2025"]

1. e4 c5 2. Nf3 Nc6 3. d4 cxd4 4. Nxd4 Nf6 5. Nc3 d6 6. g3 e5 7. Nb3 h5 8. Bg2
h4 9. Bg5 h3 10. Bf3 Be7 11. Bxf6 Bxf6 12. Bg4 a5 13. Bxc8 Rxc8 14. O-O Qd7 15.
Nd5 Bd8 16. c3 Ne7 17. Nxe7 Qxe7 18. Qd3 Qd7 19. Rfd1 Rh6 20. Nd2 Qc6 21. Nf1
Bb6 22. Ne3 Bxe3 23. Qxe3 f5 24. Rd5 Qc4 25. Rad1 Qxa2 26. Qg5 Qc4 27. Qxf5 Rd8
28. Qg4 Rf6 29. Qxh3 Qxe4 30. Qh8+ Ke7 31. Qxg7+ Rf7 32. Qg5+ Rf6 33. Qd2 Qf5
34. Rxe5+ Qxe5 35. Re1 Qxe1+ 36. Qxe1+ Kd7 37. Qe4 Kc8 38. Qa4 Rf5 39. h4 Rdf8
40. Qd4 Kc7 41. f4 b6 42. Kf2 R8f6 43. Kf3 Kb7 44. g4 1-0

[Event "Ogolnopolska Olimpiada Mlodziezy C-14"]
[Site "Spala"]
[Date "1899-12-30"]
[Round "7.2"]
[White "Woloch, Oskar"]
[Black "Walter, Szymon"]
[Result "0-1"]
[WhiteTitle "I+"]
[BlackTitle "I+"]
[WhiteElo "1892"]
[BlackElo "1942"]

1. d4 Nf6 2. c3 d5 3. Bg5 Ne4 4. Bf4 g5 5. Bc1 Rg8 6. Nd2 Nd6 7. e3 Bf5 8. Ne2
Nd7 9. Ng3 Bg6 10. Nf3 f6 11. Bd3 e6 12. Qe2 Bxd3 13. Qxd3 f5 14. Nh5 Qe7 15.
Ne5 O-O-O 16. b3 Nxe5 17. dxe5 Nf7 18. Qd4 c5 19. Qa4 Nxe5 20. Qxa7 Nc6 21. Qb6
Qf7 22. Ng3 f4 23. Ne2 f3 24. gxf3 Qxf3 25. Rg1 Bd6 26. Rf1 Ne5 27. Ba3 Kb8 28.
Nd4 Qe4 29. O-O-O Bc7 30. Qxc5 Nd3+ 31. Rxd3 Qxd3 32. Rd1 Qa6 33. Nb5 Bb6 34.
Qb4 Rc8 35. Qd6+ Ka8 36. Nd4 Rxc3+ 37. Kb2 Rgc8 38. Rd2 Bxd4 39. exd4 Qf1 0-1

[Event "Ogolnopolska Olimpiada Mlodziezy C-14"]
[Site "Spala"]
[Date "1899-12-30"]
[Round "7.3"]
[White "Kowalski, Igor"]
[Black "Klepek, Witold"]
[Result "1-0"]
[WhiteTitle "I"]
[BlackTitle "I"]
[WhiteElo "1852"]
[BlackElo "1815"]

1. d4 d5 2. c4 Nc6 3. Nf3 Bg4 4. Nc3 Bxf3 5. exf3 Nf6 6. Bg5 dxc4 7. d5 Ne5 8.
Bxc4 c6 9. Bb3 Nxd5 10. Nxd5 cxd5 11. Qxd5 Qxd5 12. Bxd5 h6 13. Be3 O-O-O 14.
Rd1 e6 15. Bb3 Bb4+ 16. Ke2 b6 17. Bd4 Bd6 18. Bc3 Bc7 19. g3 Rhg8 20. Rxd8+ Kxd8
21. Rd1+ Kc8 22. f4 Nd7 23. Ba4 Nc5 24. Bc6 a5 25. a3 g5 26. b4 Nb7 27. fxg5 Rxg5
28. h4 Rg6 29. Bxb7+ Kxb7 30. bxa5 bxa5 31. Rd7 Kc6 32. Rxf7 Bd6 33. Bxa5 Bxa3
34. Bd2 Bb2 35. h5 Rg7 36. Rf8 Kd7 37. Rb8 Bf6 38. Bxh6 Kc7 39. Bxg7 1-0

[Event "Ogolnopolska Olimpiada Mlodziezy C-14"]
[Site "Spala"]
[Date "1899-12-30"]
[Round "7.4"]
[White "Janiszewski, Filip"]
[Black "Gumularz, Szymon"]
[Result "0-1"]
[WhiteTitle "I"]
[BlackTitle "I++"]
[WhiteElo "1824"]
[BlackElo "2024"]

1. c4 Nf6 2. Nc3 d5 3. cxd5 Nxd5 4. g3 c5 5. Bg2 Nxc3 6. bxc3 Qc7 7. d4 Nd7 8.
Nf3 e6 9. Bf4 Bd6 10. Bxd6 Qxd6 11. O-O O-O 12. Qd3 Rb8 13. Nd2 b6 14. e4 Rd8
15. Nc4 Qc7 16. d5 Ba6 17. f4 exd5 18. exd5 Nf6 19. d6 Qd7 20. Rfd1 Qe6 21. Bf1
Bxc4 22. Qxc4 Rxd6 23. Re1 Qd7 24. Re2 Rd2 25. Rae1 Rxe2 26. Rxe2 Re8 27. Rxe8+
Qxe8 28. Qd3 g6 29. c4 Qa4 30. Qe2 Qa3 31. f5 Qc3 32. fxg6 hxg6 33. Kg2 Kg7 34.
Kg1 Qd4+ 35. Kg2 Ng4 36. h3 Ne3+ 37. Kh2 Nxf1+ 38. Qxf1 Qb2+ 39. Kg1 Qxa2 40.
Qf4 Qa1+ 41. Kg2 Qd4 42. Qc7 Qxc4 43. Qxa7 Qd5+ 44. Kh2 b5 45. Qa1+ Qd4 46. Qf1
c4 47. h4 c3 48. h5 Qd2+ 49. Kh3 Qd7+ 50. Kg2 Qf5 51. h6+ Kh7 52. Qd1 Qf6 53.
Qb3 Qc6+ 54. Kh2 Qc4 55. Qc2 Kxh6 0-1

[Event "Ogolnopolska Olimpiada Mlodziezy C-14"]
[Site "Spala"]
[Date "1899-12-30"]
[Round "7.5"]
[White "Koziol, Kamil"]
[Black "Zaleski, Lukasz"]
[Result "1-0"]
[WhiteTitle "I++"]
[BlackTitle "I"]
[WhiteElo "2005"]
[BlackElo "1876"]

1. e4 e6 2. d4 d5 3. exd5 exd5 4. Nf3 Nf6 5. Bd3 Bd6 6. O-O O-O 7. Bg5 Bg4 8. Nbd2
Nbd7 9. c4 dxc4 10. Nxc4 Be7 11. Nce5 Be6 12. Bc2 Nb6 13. Qd3 g6 14. Rfe1 Nfd5
15. Nxg6 hxg6 16. Rxe6 Bf6 17. Ne5 Nb4 18. Qe4 Nxc2 19. Bxf6 Qd5 20. Qh4 1-0

[Event "Ogolnopolska Olimpiada Mlodziezy C-14"]
[Site "Spala"]
[Date "1899-12-30"]
[Round "7.6"]
[White "Chylewski, Patryk"]
[Black "Leskiewicz, Ignacy"]
[Result "1-0"]
[WhiteTitle "I+"]
[BlackTitle "I"]
[WhiteElo "1899"]
[BlackElo "1685"]

1. e4 c5 2. Nf3 Nc6 3. d4 cxd4 4. Nxd4 g6 5. c4 Bg7 6. Be3 d6 7. Nc3 Nf6 8. f3
h5 9. Qd2 Bd7 10. Be2 Rc8 11. O-O O-O 12. Rac1 Ne5 13. b3 a6 14. Rfd1 Qc7 15.
Qe1 Rfd8 16. Qf2 Qb8 17. Kh1 Nc6 18. Qh4 Nxd4 19. Bxd4 b5 20. Qg5 bxc4 21. Bxc4
e5 22. Be3 Bb5 23. Nd5 Nxd5 24. Bxd5 Kf8 25. a4 Be8 26. Bc4 Qb7 27. Qh4 f6 28.
Qf2 Bf7 29. Bb6 Rd7 30. Qe3 Bxc4 31. bxc4 Rc6 32. a5 Qc8 33. Qb3 Bh6 34. Rc3 Ke7
35. Qb4 Qb7 36. Rcd3 Qb8 37. c5 Bf8 38. Qc4 Ke8 39. Qxa6 Qb7 40. Qb5 Rxc5 41.
Qb3 Rc6 42. Qe6+ Re7 43. Qxf6 d5 44. Qg5 d4 45. f4 Rxb6 46. axb6 Qxb6 47. fxe5
Rd7 48. Qf6 Qxf6 49. exf6 Bc5 50. Rc1 Ba7 51. Rc6 Kf7 52. e5 Rb7 53. Kg1 Bb8 54.
Rc5 Ba7 55. Ra5 Ke6 56. Kf1 Rc7 57. Ke2 Bc5 58. Ra8 Kxe5 59. Rf3 Ke6 60. f7 Rxf7
61. Ra6+ Ke7 62. Rxg6 Rxf3 63. gxf3 Bd6 64. h4 Bf4 65. Kd3 Kf7 66. Rg2 Be5 67.
Rg5 Bf6 68. Rf5 Kg6 69. Rxf6+ Kxf6 70. Kxd4 Kf5 71. Ke3 Ke5 72. f4+ Kd5 73. Kd3
Kd6 74. Ke4 Ke6 75. f5+ Kf6 76. Kf4 Kf7 77. Kg5 Kg7 78. Kxh5 Kf6 79. Kg4 1-0

[Event "Ogolnopolska Olimpiada Mlodziezy C-14"]
[Site "Spala"]
[Date "1899-12-30"]
[Round "7.7"]
[White "Choina, Michal"]
[Black "Drozdowski, Konrad"]
[Result "0-1"]
[WhiteTitle "II"]
[BlackTitle "I+"]
[WhiteElo "1627"]
[BlackElo "1967"]

1. e4 c5 2. Nf3 e6 3. d4 cxd4 4. Nxd4 a6 5. Bd3 Nf6 6. O-O Qc7 7. Bg5 Be7 8. Nd2
d6 9. c3 Nbd7 10. Qe2 b6 11. Kh1 Bb7 12. f3 O-O 13. Bxf6 Bxf6 14. N2b3 Rfd8 15.
Rad1 g6 16. Bb1 Bg7 17. Nc2 Ne5 18. Ne3 Rac8 19. Rfe1 b5 20. Nd4 Nd7 21. Nb3 Nb6
22. Qc2 d5 23. exd5 Nxd5 24. Nd2 Qb6 25. Ndf1 Rd7 26. Nxd5 Bxd5 27. Qe2 Rcd8 28.
Ne3 Bc6 29. Rxd7 Rxd7 30. Bc2 a5 31. Rd1 Rxd1+ 32. Nxd1 b4 33. cxb4 Qxb4 34. Bd3
Bd5 35. b3 Bd4 36. h3 Bc5 37. Qf1 Qd4 38. Kh2 Qf4+ 39. Kh1 Bd6 40. Kg1 Qh2+ 41.
Kf2 Bc5+ 42. Ke2 Qe5+ 43. Kd2 Bb4+ 44. Kc2 Qa1 45. Nb2 Qxa2 46. Bc4 Bxc4 47. Qxc4
Qa1 48. Nd3 Qf1 49. Nxb4 Qxg2+ 50. Kc1 axb4 51. Qxb4 Qxf3 52. Qb8+ Kg7 53. b4
Qc3+ 54. Kd1 e5 55. b5 e4 56. b6 e3 57. Qd6 Qb2 58. Qd8 h5 59. h4 Qf2 60. Qd4+
Kh7 61. Qd3 e2+ 62. Qxe2 Qxb6 63. Qe7 Qb3+ 64. Kc1 Qc3+ 65. Kd1 Kg7 66. Qd8 Qf6
67. Qc7 Qxh4 68. Ke2 Qf6 0-1

[Event "Ogolnopolska Olimpiada Mlodziezy C-14"]
[Site "Spala"]
[Date "1899-12-30"]
[Round "7.8"]
[White "Lukasiewicz, Krzysztof"]
[Black "Tamon, Radoslaw"]
[Result "0-1"]
[WhiteTitle "I"]
[BlackTitle "I"]
[WhiteElo "1803"]
[BlackElo "1707"]

1. e4 e6 2. d4 d5 3. Nd2 c5 4. exd5 Qxd5 5. Ngf3 cxd4 6. Bc4 Qd6 7. O-O Nf6 8.
Nb3 Nc6 9. Nbxd4 Nxd4 10. Nxd4 a6 11. Be3 Qc7 12. Bb3 Bd6 13. h3 O-O 14. Qe2 Bd7
15. Rad1 Rac8 16. Rfe1 Be5 17. Bg5 Bxd4 18. Rxd4 Kh8 19. Bxf6 gxf6 20. Qh5 Rg8
21. Rh4 Rg7 22. Qh6 f5 23. Qf6 Bc6 24. g3 Kg8 25. Kh2 Be4 26. Rd1 Rg6 27. Qd4
Qe7 28. Qd7 Qc5 29. Rd2 b5 30. Rf4 Rc7 31. Qd8+ Kg7 32. f3 Bb7 33. c3 Qc6 34.
Bd1 Rc8 35. Qd4+ Kg8 36. Qd7 Qxd7 37. Rxd7 Bd5 38. Ra7 Bxa2 39. Rxa6 Bc4 40. Rd4
e5 41. Rdd6 e4 42. Rxg6+ hxg6 43. fxe4 fxe4 44. Bc2 e3 45. Kg2 Rd8 46. Kf3 e2
47. Kf2 Rd2 48. b3 Rd1 49. Ra8+ Kg7 50. Re8 Rf1+ 51. Kg2 e1=Q 52. Rxe1 Rxe1 53.
bxc4 Re2+ 0-1

[Event "Ogolnopolska Olimpiada Mlodziezy C-14"]
[Site "Spala"]
[Date "1899-12-30"]
[Round "7.9"]
[White "Sernecki, Franciszek"]
[Black "Blocinski, Maciej"]
[Result "1-0"]
[WhiteTitle "I"]
[BlackTitle "I"]
[WhiteElo "1773"]
[BlackElo "1665"]

1. e4 e5 2. Nf3 Nc6 3. Bb5 a6 4. Ba4 Nf6 5. Qe2 b5 6. Bb3 Be7 7. O-O d6 8. h3 Na5
9. c3 Nxb3 10. axb3 c5 11. d4 cxd4 12. cxd4 exd4 13. Nxd4 Bb7 14. Re1 O-O 15.
Nc3 Re8 16. Qd3 b4 17. Nd5 Nxd5 18. exd5 Bf6 19. Rxe8+ Qxe8 20. Be3 Bxd5 21. Rxa6
Bxd4 22. Rxa8 Qxa8 23. Bxd4 Bxg2 24. Qg3 1-0

[Event "Ogolnopolska Olimpiada Mlodziezy C-14"]
[Site "Spala"]
[Date "1899-12-30"]
[Round "7.10"]
[White "Bilczewski, Kacper"]
[Black "Karpus, Michal"]
[Result "0-1"]
[WhiteTitle "I"]
[BlackTitle "I+"]
[WhiteElo "1801"]
[BlackElo "1902"]

1. e4 e5 2. Nf3 Nc6 3. Bc4 Bc5 4. c3 Nf6 5. d3 O-O 6. O-O d6 7. Bb3 a6 8. Nbd2
Ba7 9. Nc4 b5 10. Ne3 Na5 11. Bc2 c5 12. Nf5 Bxf5 13. exf5 h6 14. h3 Re8 15. g4
d5 16. Nh2 Qd6 17. h4 e4 18. g5 Bb8 19. f4 exf3 20. Nxf3 Qg3+ 21. Kh1 Ng4 22.
Qd2 Ne3 23. Qe2 Qh3+ 24. Kg1 Bh2+ 25. Nxh2 Qg3+ 26. Kh1 Nxf1 27. Qxf1 Re1 28.
Bf4 Rxf1+ 29. Rxf1 Qxh4 30. gxh6 Re8 31. hxg7 Re1 0-1

[Event "Ogolnopolska Olimpiada Mlodziezy C-14"]
[Site "Spala"]
[Date "1899-12-30"]
[Round "7.11"]
[White "Wyczling, Bartosz"]
[Black "Pietras, Daniel"]
[Result "1-0"]
[WhiteTitle "I"]
[BlackTitle "II+"]
[WhiteElo "1747"]
[BlackElo "1509"]

1. d4 Nf6 2. c4 e6 3. Nc3 Bb4 4. e3 b6 5. Bd3 Bb7 6. Nf3 c5 7. O-O Bxc3 8. bxc3
O-O 9. Ba3 d6 10. h3 Qc7 11. Nh2 Nbd7 12. Qc2 Qc6 13. f3 Rfe8 14. Rae1 Ba6 15.
e4 cxd4 16. cxd4 e5 17. d5 Qc7 18. Ng4 Nh5 19. Ne3 Nc5 20. Be2 Rec8 21. Kh2 Qd8
22. g3 Qg5 23. Nf5 g6 24. Bc1 Qf6 25. Nh6+ Kg7 26. f4 exf4 27. Bb2 fxg3+ 28. Kg2
Qxb2 29. Qxb2+ Kxh6 30. Bxh5 Kxh5 31. Rxf7 Rh8 32. Qe2+ Kh6 33. Qe3+ g5 34. Rf6+
Kh5 35. Qf3+ g4 36. Qxg4# 1-0

[Event "Ogolnopolska Olimpiada Mlodziezy C-14"]
[Site "Spala"]
[Date "1899-12-30"]
[Round "7.12"]
[White "Szmer, Aleksander"]
[Black "Filewicz, Radoslaw"]
[Result "1-0"]
[WhiteTitle "I"]
[BlackTitle "I"]
[WhiteElo "1732"]
[BlackElo "1508"]

1. e4 d5 2. exd5 Qxd5 3. Nc3 Qd8 4. d4 Nf6 5. Nf3 Bg4 6. h3 Bxf3 7. Qxf3 c6 8.
Be3 e6 9. O-O-O Bb4 10. Ne4 Nxe4 11. Qxe4 Qd5 12. Qxd5 cxd5 13. Bf4 Nd7 14. Bb5
Rc8 15. Rd3 Ba5 16. Rg3 Rg8 17. Be5 g6 18. Rf3 f5 19. Rb3 Bb6 20. a4 Rd8 21. Bf6
Rc8 22. Re1 Rc7 23. Be5 Rc8 24. Ree3 Kd8 25. Bxd7 Kxd7 26. a5 Bxa5 27. Rxb7+ Kc6
28. Rxa7 h6 29. Rxa5 1-0

[Event "Ogolnopolska Olimpiada Mlodziezy C-14"]
[Site "Spala"]
[Date "1899-12-30"]
[Round "7.13"]
[White "Rak, Maciej"]
[Black "Raczynski, Krzysztof"]
[Result "0-1"]
[WhiteTitle "II"]
[BlackTitle "I"]
[WhiteElo "1395"]
[BlackElo "1634"]

1. e4 g6 2. d4 Bg7 3. Nc3 d6 4. Be3 Nf6 5. Bd3 O-O 6. f3 e5 7. dxe5 dxe5 8. Qd2
c6 9. O-O-O Be6 10. g4 b5 11. h4 h5 12. gxh5 Nxh5 13. Nh3 Qe7 14. Ng5 a5 15. Nxe6
Qxe6 16. Kb1 a4 17. Ne2 Na6 18. Nc1 Rfb8 19. Bf1 Qf6 20. Qf2 Nf4 21. Nd3 Rd8 22.
Be2 Nc7 23. Bb6 Rd7 24. Bxc7 Rxc7 25. Nc5 Qe7 26. Nd3 c5 27. Qe3 Nxe2 28. Qxe2
c4 29. Nc1 c3 30. Nd3 cxb2 31. Rdg1 b4 32. h5 b3 33. cxb3 axb3 34. axb3 Ra1+ 35.
Kxb2 gxh5 36. Rxg7+ 0-1

[Event "Ogolnopolska Olimpiada Mlodziezy C-14"]
[Site "Spala"]
[Date "1899-12-30"]
[Round "7.14"]
[White "Gaj, Szymon"]
[Black "Sulkowski, Andrzej"]
[Result "0-1"]
[WhiteTitle "II+"]
[BlackTitle "II+"]
[WhiteElo "1544"]
[BlackElo "1585"]

1. d4 Nf6 2. c4 e6 3. Nc3 c5 4. d5 exd5 5. cxd5 d6 6. e4 g6 7. f4 Bg7 8. Bb5+ Bd7
9. e5 dxe5 10. fxe5 Nh5 11. Bxd7+ Nxd7 12. g4 Qh4+ 13. Kf1 Ng3+ 14. hxg3 Qxh1
15. e6 fxe6 16. dxe6 O-O 17. Bf4 Nb6 18. e7 Rfe8 19. Qe2 Qc6 20. Nf3 Bf6 21. Kg2
Rxe7 22. Qf2 Rae8 23. Rd1 Bxc3 24. Rd3 0-1

[Event "Ogolnopolska Olimpiada Mlodziezy C-14"]
[Site "Spala"]
[Date "1899-12-30"]
[Round "7.15"]
[White "Poplawski, Maciej"]
[Black "Karwat, Szymon"]
[Result "1-0"]
[WhiteTitle "II"]
[BlackTitle "II"]
[WhiteElo "1591"]
[BlackElo "1379"]

1. d4 d5 2. Nf3 Nf6 3. c4 e6 4. Bg5 Be7 5. e3 h6 6. Bh4 O-O 7. Nc3 b6 8. cxd5 Nxd5
9. Bxe7 Nxe7 10. Qc2 Nd7 11. Bc4 Bb7 12. e4 Nf6 13. O-O-O c6 14. g4 Qc7 15. Qd2
Rfd8 16. g5 hxg5 17. Qxg5 c5 18. Rhg1 Ng6 19. Bxe6 Qf4+ 20. Qxf4 Nxf4 21. Bf5
g6 22. d5 Kf8 23. Bg4 b5 24. Ng5 Ba6 25. Ne2 Nxg4 26. Nxf4 Ne5 27. Nd3 Nxd3+ 28.
Rxd3 b4 29. Rf3 Rd7 30. Kd2 Re8 31. Nh7+ Kg7 32. Nf6 Rde7 33. Nxe8+ Rxe8 34. Re1
c4 35. Ke3 Bb7 36. Kd4 c3 37. bxc3 bxc3 38. Rxc3 1-0